000 01698nam a2200397Ia 4500
001 ebr10389805
003 CaPaEBR
006 m u
007 cr cn|||||||||
008 090415s2010 caua sb 001 0 eng d
010 _z 2009015730
020 _z0804762538 (cloth : alk. paper)
020 _z9780804762533 (cloth : alk. paper)
040 _aCaPaEBR
_cCaPaEBR
035 _a(OCoLC)648760552
050 1 4 _aLB2376.6.F8
_bW35 2010eb
082 0 4 _a370.116/20944
_222
100 1 _aWalton, Whitney.
245 1 0 _aInternationalism, national identities, and study abroad
_h[electronic resource] :
_bFrance and the United States, 1890-1970 /
_cWhitney Walton.
260 _aStanford, Calif. :
_bStanford University Press,
_cc2010.
300 _axvii, 258 p. :
_bill.
504 _aIncludes bibliographical references and index.
533 _aElectronic reproduction.
_bPalo Alto, Calif. :
_cebrary,
_d2010.
_nAvailable via World Wide Web.
_nAccess may be limited to ebrary affiliated libraries.
650 0 _aEducational exchanges
_zFrance
_xHistory.
650 0 _aEducational exchanges
_zUnited States
_xHistory.
650 0 _aForeign study
_zFrance
_xHistory.
650 0 _aForeign study
_zUnited States
_xHistory.
650 0 _aInternationalism
_xHistory.
650 0 _aNational characteristics, American
_xHistory.
650 0 _aNational characteristics, French
_xHistory.
651 0 _aFrance
_xRelations
_zUnited States.
651 0 _aUnited States
_xRelations
_zFrance.
655 7 _aElectronic books.
_2local
710 2 _aebrary, Inc.
856 4 0 _uhttp://site.ebrary.com/lib/rucke/Doc?id=10389805
_zAn electronic book accessible through the World Wide Web; click to view
999 _c198245
_d198245